| 000 | 00792nam a22002297a 4500 | ||
|---|---|---|---|
| 999 |
_c9071 _d9071 |
||
| 003 | AR-CdUCM | ||
| 008 | 190327b ||||| |||| 00| 0 spa d | ||
| 020 | _a978-968-16-8479-2 | ||
| 040 |
_aMUNICIPALIDAD PROVINCIAL DEL CUSCO _cBIBLIOTECA MUNICIPAL DEL CUSCO |
||
| 082 |
_aPI-0023 / _bBRO / her |
||
| 100 |
_aBrowne, Anthony _925011 |
||
| 245 |
_aMi hermano es genial : _ba veces / |
||
| 260 |
_aMalasia : _bFondo de Cultura Económica, _c2014. |
||
| 300 |
_bIlustraciones a color, _c27 cm. |
||
| 500 | _aTítulo original: My brother. No cuenta con numeración impresa | ||
| 650 |
_aCuento infantil _925028 |
||
| 650 |
_aCuento infantil de Estados Unidos _925029 |
||
| 650 |
_aSiglo XX _98 |
||
| 700 |
_aPacheco, Laura Emilia (Traductor) _925056 |
||
| 942 |
_2ddc _cLIBROS |
||
| 945 | _araen | ||